Größte Stadt beginnend mit L in Diesem Land - Statistiken

Allgemein
  • Dieses Quiz wurde 369 mal gespielt
  • Das Durchschnittsergebnis liegt bei 13 aus 21
Antwortstatistiken
Land L-Stadt % Korrekt
Peru Lima
93%
Österreich Linz
90%
Portugal Lissabon
89%
Deutschland Leipzig
88%
Frankreich Lyon
88%
Angola Luanda
81%
Vereinigte Staaten Los Angeles
73%
Nigeria Lagos
72%
Ägypten Luxor
70%
Schweiz Lausanne
65%
Polen Łodz
64%
Togo Lome
62%
Sambia Lusaka
59%
Pakistan Lahore
57%
Ukraine Lwiw
57%
Gabon Libreville
52%
Irland Limerick
49%
Italien Livorno
38%
Zypern Limassol
36%
DR Kongo Lubumbashi
11%
Indien Lucknow
9%
Keine übereinstimmenden Quizze gefunden
Verteilung der Resultate
Anzahl Personen mit jedem Resultat
Perzentil nach korrekt beantworteten Fragen
Ihre Resultats-Entwicklung
Sie haben dieses Quiz noch nicht gespielt